Miasta bez własnego powiatu - nagła śmierć - Statystyki

Ogólne statystyki
  • Ten quiz został rozwiązany 97 razy
  • Średni wynik to 12 z 24
Answers on the Grid
Answers color-coded by a green-red scale on the quiz's grid according to % correct below.
Andrychów
Bielawa
Bielsk Podlaski
Błonie
Brodnica
Czechowice-Dziedzice
Czeladź
Czerwionka-Leszczyny
Darłowo
Hel
Jelcz-Laskowice
Józefów
Knurów
Kobyłka
Konstantynów Łódzki
Łobez
Luboń
Łuków
Marki
Międzyzdroje
Mysłowice
Ożarów Mazowiecki
Piastów
Pruszcz Gdański
Reda
Rumia
Skawina
Sopot
Swarzędz
Świebodzice
Szczytno
Ustka
Wągrowiec
Wejherowo
Wieliczka
Ząbki
 
Statystyki odpowiedzi
Odpowiedź % Poprawnych
Hel
76%
Andrychów
64%
Darłowo
64%
Czeladź
60%
Błonie
58%
Bielawa
56%
Czerwionka-Leszczyny
56%
Józefów
56%
Czechowice-Dziedzice
55%
Jelcz-Laskowice
55%
Kobyłka
55%
Międzyzdroje
55%
Marki
53%
Konstantynów Łódzki
49%
Knurów
47%
Rumia
44%
Reda
42%
Piastów
40%
Luboń
38%
Ustka
38%
Skawina
35%
Ząbki
35%
Swarzędz
33%
Świebodzice
24%
Nie znaleziono quizów pasujących do podanych kryteriów
Rozkład punktacji
Procent ludzi z każdym wynikiem
Percentyl według liczby udzielonych odpowiedzi
Twoja historia wyników
Nie rozwiązałeś tego quizu